02052 a2200169 45000010006000000050017000060080041000230030015000640400040000790800039001192450097001580200018002552640058002733000019003315051512003501000020018624853920260407155749.0260407a1992 arg spa dAR-UNSa-BCEJYS aAR-UNSa-BCEJYSbspacAR-UNSa-BCEJYS a167xInvestigación científica 10aLa políticas de investigación cientfica y tecnológica argentina historia y perspectiva a950-25-1348-7 1aBuenos Aires :bCentro Editor de America Latinac1992 a409 p.c21 cm. aPrimera Parte: LA CONFORMACIÓN DEL COMPLEJO CIENTÍFICO Y TECNOLÓGICO: 1. Antecedentes de la conformación del Complejo Científico y Tecnológico, 1850-1958 - El Complejo Científico y Tecnológico argentino en la segunda mitad del siglo XX: la transferencia de modelos institucionales - - Segunda Parte: LA INSTITUCIONALIZACIÓN DEL COMPLEJO CIENTÍFICO Y TECNOLÓGICO: 3. Principales instituciones especializadas en investigación y extensión - 4. Instituciones de promoción y gobierno de las actividades de investigación - - Tercera Parte: POLÍTICA Y GESTIÓN EN EL COMPLEJO CIENTÍFICO Y TECNOLÓGICO: 5. Asignación de Recursos Públicos en el Complejo Científico y Tecnológico. Análisis del presupuesto Nacional - 6. Indicadores económicos de las actividades científico-tecnológicas: comparación internacional - 7. Recursos humanos de investigación en el Complejo Científico y Tecnológico: evolución del empleo y políticas de recursos humanos del CONICET - 8. La evolución salarial de las grandes instituciones del complejo científico y tecnológicos - 9. Recursos humanos en Ciencia t Tecnología. Formación de investigadores - 10. Análisis de los Programas Nacionales de investigación de la secretaría de Ciencia y Tecnología - 11. Las ciencias sociales en la Argentina: diagnósticos y perspectivas - 12. Telecomunicaciones - 13. Actividades provisionales en Ciencias y Tecnología - 14. Aspectos estratégicos de gestión.1 aOteiza, Enrique